Communication in nursing. (رقم التسجيلة. 21141)
[ عرض عادي ]
| 000 -الفاتح | |
|---|---|
| حقل البيانات ثابتة الطول | 01150cam a22003374a 4500 |
| 001 - رقم الضبط | |
| رقم الضبط | 13140674 |
| 003 - محدد رقم الضبط | |
| رقم الضبط | OSt |
| 005 - وقت وتاريخ اخر تعامل مع التسجيلة | |
| رقم الضبط | 20150408114010.0 |
| 008 - عناصر البيانات ثابتة الطول - معلومات عامة | |
| حقل البيانات ثابتة الطول | 030328s2004 moua b 001 0 eng |
| 010 ## - رقم ضبط مكتبة الكونجرس | |
| رقم ضبط مكتبة الكونجرس | 2003048841 |
| 020 ## - الرقم الدولى المعيارى للكتب | |
| الرقم الدولى المعيارى للكتاب | 0323024017 (pbk) |
| 035 ## - رقم ضبط النظام | |
| رقم ضبط النظام | (DNLM)101173255 |
| 040 ## - مصدر الفهرسة | |
| وكالة الفهرسة الأصلية | DNLM/DLC |
| وكالة النسخ | DLC |
| وكالة التعديل | DLC |
| 042 ## - رمز التحقق | |
| رمز التحقق | pcc |
| 050 00 - رقم طلب مكتبة الكونجرس | |
| رقم التصنيف | RT86.3 |
| رقم المادة | .B34 2004 |
| 060 10 - رقم الطلب بالمكتبة الطبية الوطنية | |
| رقم التصنيف | WY 87 |
| رقم المادة | B198c 2004 |
| 082 00 - رقم تصنيف ديوى العشرى | |
| رقم التصنيف | 610.730699 |
| رقم الطبعة | 21 |
| 100 1# - المدخل الرئيسى - إسم شخصى | |
| الإسم الشخصى | Balzer-Riley, Julia W. |
| 9 (RLIN) | 10125 |
| 245 10 - بيان العنوان | |
| العنوان | Communication in nursing. |
| 250 ## - بيان الطبعة | |
| بيان الطبعة | 5th ed. / |
| بقية بيان الطبعة | Julia Balzer Riley. |
| 260 ## - PUBLICATION, DISTRIBUTION, ETC. (IMPRINT) | |
| مكان الناشر او الموزع | St. Louis, Mo. : |
| اسم الناشر او الموزع | Mosby, |
| تاريخ النشر أو التوزيع | c2004. |
| 300 ## - الوصف المادى | |
| التعداد | xxi, 407 p. : |
| تفاصيل ماديه اخرى للوعاء | ill. ; |
| أبعاد الوعاء | 23 cm. |
| 504 ## - تبصرة ببليوجرافية | |
| تبصرة ببليوجرافية,الخ | Includes bibliographical references and index. |
| 650 #0 - المدخل الاضافى بالموضوع-مصطلح موضوعى | |
| مصطلح موضوعي أو اسم جغرافي كعنصر مدخل | Nurse and patient. |
| 9 (RLIN) | 5020 |
| 650 #0 - المدخل الاضافى بالموضوع-مصطلح موضوعى | |
| مصطلح موضوعي أو اسم جغرافي كعنصر مدخل | Interpersonal communication. |
| 9 (RLIN) | 10126 |
| 650 12 - المدخل الاضافى بالموضوع-مصطلح موضوعى | |
| مصطلح موضوعي أو اسم جغرافي كعنصر مدخل | Nurse-Patient Relations |
| التقسيم الفرعي الشكلي | Nurses' Instruction. |
| 9 (RLIN) | 10127 |
| 650 22 - المدخل الاضافى بالموضوع-مصطلح موضوعى | |
| مصطلح موضوعي أو اسم جغرافي كعنصر مدخل | Communication |
| التقسيم الفرعي الشكلي | Nurses' Instruction. |
| 9 (RLIN) | 10128 |
| 650 22 - المدخل الاضافى بالموضوع-مصطلح موضوعى | |
| مصطلح موضوعي أو اسم جغرافي كعنصر مدخل | Interpersonal Relations |
| التقسيم الفرعي الشكلي | Nurses' Instruction. |
| 9 (RLIN) | 10129 |
| 942 ## - عناصر المدخل الإضافي( كوها) | |
| مصدر التصنيف او مخطط الترفيف | Dewey Decimal Classification |
| Koha [default] item type | كتاب |
| حالة الفقد | نموذج السعر الفعال | حالة تلف | ليس للاعارة | رقم الطلب | تاريخ الاكتساب | الموقع الحالي | الباركود | الفرع الرئيسي | Date last checked out | Date last seen | نوع المادة فى نظام كوها | مصدر التصنيف او خطة الترفيف | Total Checkouts | Total Renewals |
|---|---|---|---|---|---|---|---|---|---|---|---|---|---|---|
| 2013-03-10 | 610.730699 B J C | 2012-04-04 | مكتبة كلية العلوم الطبية التطبيقية بالمجمعة - طالبات (AMF) | 00025847 | مكتبة كلية العلوم الطبية التطبيقية بالمجمعة - طالبات (AMF) | 2015-11-30 | 2015-12-03 | كتاب | Dewey Decimal Classification | 2 | ||||
| 2013-03-10 | 610.730699 B J C | 2012-04-04 | مكتبة كلية العلوم الطبية التطبيقية بالمجمعة - طالبات (AMF) | 00025844 | مكتبة كلية العلوم الطبية التطبيقية بالمجمعة - طالبات (AMF) | 2013-09-19 | 2013-09-26 | كتاب | Dewey Decimal Classification | 1 | 1 | |||
| 2013-03-10 | 610.730699 B J C | 2012-04-04 | مكتبة كلية العلوم الطبية التطبيقية بالمجمعة - طالبات (AMF) | 00025846 | مكتبة كلية العلوم الطبية التطبيقية بالمجمعة - طالبات (AMF) | 2014-05-01 | كتاب | Dewey Decimal Classification | ||||||
| 2013-03-10 | 610.730699 B J C | 2012-04-04 | مكتبة كلية العلوم الطبية التطبيقية بالمجمعة - طالبات (AMF) | 00025903 | مكتبة كلية العلوم الطبية التطبيقية بالمجمعة - طالبات (AMF) | 2016-11-27 | 2016-12-26 | كتاب | Dewey Decimal Classification | 1 | ||||
| 2013-03-10 | 610.730699 B J C | 2012-04-04 | مكتبة كلية العلوم الطبية التطبيقية بالمجمعة - طالبات (AMF) | 00025845 | مكتبة كلية العلوم الطبية التطبيقية بالمجمعة - طالبات (AMF) | 2014-02-17 | 2018-03-20 | كتاب | Dewey Decimal Classification | 2 |
